000 00908cam a22002895a 4500
001 18391855
005 20201128024155.0
008 141202t2016 maua frb 001 0 eng d
020 _a9781305117204
020 _a1305117204
040 _aDLC
_beng
_cDLC
_dEG-ScBUE
082 0 4 _222
_a004.21
_bSAT
100 1 _aSatzinger, John W.
245 1 0 _aSystems analysis and design in a changing world /
_cJohn W. Satzinger, Robert B. Jackson, Stephen D. Burd.
250 _a7th ed.
260 _aBoston :
_bCengage Learning,
_cc.2016.
300 _axxvii, 484 p. :
_bill. ;
_c28 cm.
500 _aIndex : p. 479-484.
504 _aIncludes bibliographical references.
650 7 _2BUEsh
_9733
_aSystem design.
650 7 _2BUEsh
_9734
_aSystem analysis.
653 _bGGEN
_cSeptember2017
655 _vReading book
_934232
700 1 _aJackson, Robert B.
700 1 _aBurd, Stephen D.
942 _2ddc
999 _c25458
_d25430